000
00305nam a22001217a 4500
020
_a
81-219-2921-0
082
_a
425
_b
WRE/H
100
_a
WREN
245
_a
ENGLISH GRAMMAR & COMPOSITION
260
_a
NEW DELHI
_b
S.CHAND& COMPANY PVT.LTD.
650
_a
ENGLISH GRAMMAR & COMPOSITON
_z
NEW DELHI
942
_c
BK
999
_c
3752
_d
3752